Southville International School and Colleges
Your cart is empty.
  • Cart
  • Lists
    Public lists Eva Luna New books Lux_list list_1
    Your lists Log in to create your own lists
  • Log in to your account
  • Your cookies
  • Search history
Southville International School and Colleges
  • Advanced search
  • Recent comments
  • Most popular
  • Libraries

Log in to your account

Log in with GOOGLE


If you do not have an external account, but do have a local account, you can still log in:

  1. Home
  2. MARC view: Filipinos in Washington, D.C. /
Normal view MARC view ISBD view

Filipinos in Washington, D.C. / (Record no. 17085)

[ view plain ]
MARC details
000 -LEADER
fixed length control field 01466cam a2200385 a 4500
001 - CONTROL NUMBER
control field 15677624
003 - CONTROL NUMBER IDENTIFIER
control field OSt
005 - DATE AND TIME OF LATEST TRANSACTION
control field 20140310182900.0
008 - FIXED-LENGTH DATA ELEMENTS--GENERAL INFORMATION
fixed length control field 090327s2009 scua b 000 0deng
010 ## - LIBRARY OF CONGRESS CONTROL NUMBER
LC control number 2009925460
020 ## - INTERNATIONAL STANDARD BOOK NUMBER
International Standard Book Number 9780738566207
020 ## - INTERNATIONAL STANDARD BOOK NUMBER
International Standard Book Number 0738566209
040 ## - CATALOGING SOURCE
Original cataloging agency DLC
Transcribing agency DLC
Modifying agency DLC
043 ## - GEOGRAPHIC AREA CODE
Geographic area code n-us-dc
050 00 - LIBRARY OF CONGRESS CALL NUMBER
Classification number F205.F4
Item number .C113 2009
082 00 - DEWEY DECIMAL CLASSIFICATION NUMBER
Classification number F975.30049921
Item number .C335 2009
100 1# - MAIN ENTRY--PERSONAL NAME
Personal name Cacas, Rita M.
245 10 - TITLE STATEMENT
Title Filipinos in Washington, D.C. /
Statement of responsibility, etc Cacas, Rita M. and Lott, Juanita T.
260 ## - PUBLICATION, DISTRIBUTION, ETC. (IMPRINT)
Place of publication, distribution, etc Charleston, SC :
Name of publisher, distributor, etc Arcadia Pub.,
Date of publication, distribution, etc c2009.
300 ## - PHYSICAL DESCRIPTION
Extent 127 p. :
Other physical details ill. ;
Dimensions 24 cm.
490 0# - SERIES STATEMENT
Series statement Images of America
504 ## - BIBLIOGRAPHY, ETC. NOTE
Bibliography, etc Includes bibliographical references (p. 127).
521 ## - TARGET AUDIENCE NOTE
Target audience note
526 ## - STUDY PROGRAM INFORMATION NOTE
Reading level 1210L-1700L
541 ## - IMMEDIATE SOURCE OF ACQUISITION NOTE
-- 1
562 ## - COPY AND VERSION IDENTIFICATION NOTE
Number of copies 1
650 #0 - SUBJECT ADDED ENTRY--TOPICAL TERM
Topical term or geographic name as entry element Filipino Americans
Geographic subdivision Washington (D.C.)
General subdivision History
Form subdivision Pictorial works.
651 #0 - SUBJECT ADDED ENTRY--GEOGRAPHIC NAME
Geographic name Washington (D.C.)
Form subdivision Biography
-- Pictorial works.
700 1# - ADDED ENTRY--PERSONAL NAME
Personal name Lott, Juanita Tamayo.
856 42 - ELECTRONIC LOCATION AND ACCESS
Materials specified Contributor biographical information
Uniform Resource Identifier <a href="http://www.loc.gov/catdir/enhancements/fy0915/2009925460-b.html">http://www.loc.gov/catdir/enhancements/fy0915/2009925460-b.html</a>
856 42 - ELECTRONIC LOCATION AND ACCESS
Materials specified Publisher description
Uniform Resource Identifier <a href="http://www.loc.gov/catdir/enhancements/fy0915/2009925460-d.html">http://www.loc.gov/catdir/enhancements/fy0915/2009925460-d.html</a>
906 ## - LOCAL DATA ELEMENT F, LDF (RLIN)
a 7
b cbc
c orignew
d 2
e epcn
f 20
g y-gencatlg
942 ## - ADDED ENTRY ELEMENTS (KOHA)
Source of classification or shelving scheme Library of Congress Classification
Koha item type Books
Call number prefix
Holdings
Withdrawn status Lost status Source of classification or shelving scheme Damaged status Home library Current library Shelving location Date acquired Source of acquisition Total Checkouts Full call number Barcode Date last seen Copy number Price effective from Koha item type
    Library of Congress Classification   Archives Archives   06/14/2012 Donation   F 205.F4 .C113 2009 C14957 05/08/2018 1 06/14/2012 Books

Filipinos in Washington, D.C. /

APA

Cacas R. M., Lott J. T., . (2009). Filipinos in Washington, D.C. Charleston, SC: Arcadia Pub.

Chicago

Cacas Rita M, Lott Juanita Tamayo, . 2009. Filipinos in Washington, D.C. Charleston, SC: Arcadia Pub.

Harvard

Cacas R. M., Lott J. T., . (2009). Filipinos in Washington, D.C. Charleston, SC: Arcadia Pub.

MLA

Cacas Rita M, Lott Juanita Tamayo, . Filipinos in Washington, D.C. Charleston, SC: Arcadia Pub. 2009.

  • Place hold
  • Print
  • Cite
  • Add to your cart (remove)
  • Save record
    BIBTEX Dublin Core MARCXML MARC (non-Unicode/MARC-8) MARC (Unicode/UTF-8) MARC (Unicode/UTF-8, Standard) MODS (XML) RIS
  • More searches
    Search for this title in:
    Other Libraries (WorldCat) Other Databases (Google Scholar) Online Stores (Bookfinder.com) Open Library (openlibrary.org)

Exporting to Dublin Core...

SOUTHVILLE LIBRARY

Southville International School and Colleges Library

1281 Tropical Ave. Cor. Luxembourg St., BF Homes International, Las Pinas City

Tel. No. 8256374 / 252358 Loc. 117/146

Powered by Koha